LEADER 01921nam a2200373 i 4500 001 000000034734 003 CaOOAMICUS 005 20221021094333.0 008 090219s1972 gw u000 u ger u 013 $a1675 020 $a3-545-23016-3 020 $a3-7887-0334-2 040 $aSeMil$bita 100 1 $aStuhlmacher, Peter <1932- >.$0(OLS)http://semarc/name/2550 245 10$a4 /$cmit Beiträgen von Peter Stuhlmacher ... [et al.]. 260 $aZürich [etc.] :$bBenziger,$c1972. 260 $aNeukirchen-Vluyn :$bNeukirchener,$c1972. 300 $a139 p. ;$c23 cm. 650 4$aBibbia. Nuovo Testamento - Commentari, studi, critica, interpretazioni.$0(OLS)http://semarc/subject/184 773 0 $tEKK. Vorarbeiten.$dZürich [etc.] : Benziger ; Neukirchen-Vluyn : Neukirchener, 1969-1972.$w()20746 774 0 $aStuhlmacher, Peter <1932- >$tZur Methodenund Sachproblematik einer interkonfessionellen Ausleg ukirchen.$w()300576 774 0 $aSchnackenburg, Rudolf <1914-2002>$tBemerkungen zum Referat von Peter Stuhlmacher aus der Sicht eines eukirchen.$w()300577 774 0 $aWilckens, Ulrich <1928- >$tDiskussion über Stuhlmachers Referat am 5.4.1971.$w()300578 774 0 $aStock, Alex$tÜberlegungen zur Methode eines Theologischen Kommentars.$w()300579 774 0 $aVögtle, Anton <1910-1996>$tSogenannte Taufperikope Mk 1, 9-11.$w()300580 850 $aSeMil 852 $aSeMil$W1$xVenegono$y1$m2XA BB 4$j242765$B889$CSeMilBibl$Z2$F889 $81 961 $aSottoscrizione: Neukirchener 996 $6020$a3-545-23016-3$9(OLS)http://semarc/number/2609 996 $6020$a3-7887-0334-2$9(OLS)http://semarc/number/2610 996 $6245$a4$9(OLS)http://semarc/title/47132 996 $6260$aNeukirchen-Vluyn :$bNeukirchener$9(OLS)http://semarc/publisher/29645 996 $6260$aZürich [etc.] :$bBenziger$9(OLS)http://semarc/publisher/35374 LEADER 02074nam a2200385 i 4500 001 000000184696 003 CaOOAMICUS 005 20100118000000.0 008 100118s2009 it u000 u ita u 013 $a162678 020 $a978-88-343-1706-8 040 $aSeMil$bita 100 1 $aMaggioni, Bruno,$d<1932-2020>.$0(OLS)http://semarc/name/4235 245 10$aCome l'erba che germoglia :$bprecarietà dell'uomo e fedeltà di Dio /$cBruno Maggioni. 260 $aMilano :$bV&P,$ccopyr. 2009. 300 $aIX, 115 p. ;$c22 cm. 490 0 $aSestante ;$v26 650 4$aGesù Cristo - Risurrezione.$0(OLS)http://semarc/subject/5599 650 4$aRisurrezione.$0(OLS)http://semarc/subject/2655 650 4$aCroce - Meditazioni.$0(OLS)http://semarc/subject/17028 650 4$aVita - Concezione cristiana.$0(OLS)http://semarc/subject/10948 650 4$aMorte - Concezione cristiana.$0(OLS)http://semarc/subject/5126 650 4$aBibbia. Antico Testamento. Giobbe - Commentari, studi, critica, interpretazioni.$0(OLS)http://semarc/subject/182 650 4$aBibbia. Antico Testamento. Salmi - Commentari, studi, critica, interpretazioni.$0(OLS)http://semarc/subject/289 650 4$aBibbia. Antico Testamento. Qohelet - Commentari, studi, critica, interpretazioni.$0(OLS)http://semarc/subject/6967 650 4$aBibbia. Antico Testamento. Profeti - Commentari, studi, critica, interpretazioni.$0(OLS)http://semarc/subject/9887 650 4$aVita - Concezione biblica.$0(OLS)http://semarc/subject/12963 650 4$aMorte - Concezione biblica.$0(OLS)http://semarc/subject/12643 830 0$aSestante ;$v26.$0(OLS)http://semarc/title/423058 850 $aSeMil 852 $aSeMil$W1$xVenegono$y1$m3F III 438$j135388$B135388$CSeMilBibl$Z2$F148120 $81 961 $aOmaggio: Bressan don Luca 996 $6020$a978-88-343-1706-8$9(OLS)http://semarc/number/174711 996 $6245$aCome l'erba che germoglia :$bprecarietà dell'uomo e fedeltà di Dio$9(OLS)http://semarc/title/265192 996 $6260$aMilano :$bV&P$9(OLS)http://semarc/publisher/32040